Statistics for North Dakota School Districts

Click here to take the quiz!

General Stats

  • This quiz has been taken 6 times
  • The average score is 13 of 185

Answer Stats

School District% Correct
Rugby
100%
Bismarck
50%
Bottineau
50%
Dickinson
50%
Dunseith
50%
Fargo
50%
Garrison
50%
Glenburn
50%
Kenmare
50%
Mandan
50%
Max
50%
Mohall-Lansford-Sherwood
50%
Nedrose
50%
Parshall
50%
Powers Lake
50%
South Prairie
50%
Surrey
50%
Tioga
50%
Turtle Lake-Mercer
50%
Velva
50%
Washburn
50%
West Fargo
50%
Westhope
50%
Williston
50%
Alexander
0%
Anamoose
0%
Apple Creek
0%
Ashley
0%
Bakker
0%
Barnes County North
0%
Beach
0%
Belcourt
0%
Belfield
0%
Beulah
0%
Billings County
0%
Bowbells
0%
Bowman County
0%
Burke Central
0%
Carrington
0%
Cavalier
0%
Center-Stanton
0%
Central Cass
0%
Central Valley
0%
Circle of Nations
0%
Dakota Prairie
0%
Devils Lake
0%
Divide County
0%
Drake
0%
Drayton
0%
Dunseith Day
0%
Earl
0%
Edgeley
0%
Edmore
0%
Eight Mile
0%
Elgin-New Leipzig
0%
Ellendale
0%
Emerado
0%
Enderlin Area
0%
Fairmount
0%
Fessenden-Bowdon
0%
Finley-Sharon
0%
Flasher
0%
Fordville-Lankin
0%
Fort Ransom
0%
Fort Totten
0%
Fort Yates
0%
Gackle-Streeter
0%
Glen Ullin
0%
Goodrich
0%
Grafton
0%
Grand Forks
0%
Grenora
0%
Griggs County Central
0%
Halliday
0%
Hankinson
0%
Harvey
0%
Hatton
0%
Hazelton-Moffit-Braddock
0%
Hazen
0%
Hebron
0%
Hettinger
0%
Hillsboro
0%
Hope
0%
Horse Creek
0%
Jamestown
0%
Kensal
0%
Kidder County
0%
Killdeer
0%
Kindred
0%
Kulm
0%
Lakota
0%
LaMoure
0%
Langdon-Milton-Osnabrock
0%
Larimore
0%
Leeds
0%
Lewis and Clark
0%
Lidgerwood
0%
Linton
0%
Lisbon
0%
Litchville-Marion
0%
Little Heart
0%
Lone Tree
0%
Maddock
0%
Mandaree
0%
Mandaree Day
0%
Manning
0%
Manvel
0%
Mapleton
0%
Maple Valley
0%
Marmarth
0%
May-Port CG
0%
McClusky
0%
McKenzie County
0%
Medina
0%
Menoken
0%
Midkota
0%
Midway
0%
Milnor
0%
Minnewaukan
0%
Minot
0%
Minto
0%
Montpelier
0%
Mott-Regent
0%
Mount Pleasant
0%
Munich
0%
Napoleon
0%
Naughton
0%
Nesson
0%
Newburg United
0%
New England
0%
New Rockford-Sheyenne
0%
New Salem-Almont
0%
New Town
0%
North Border
0%
Northern Cass
0%
North Sargent
0%
North Star
0%
Northwood
0%
Oakes
0%
Oberon
0%
Ojibwa Indian
0%
Page
0%
Park River
0%
Pingree-Buchanan
0%
Richardton-Taylor
0%
Richland 44
0%
Rolette
0%
Roosevelt
0%
Sargent Central
0%
Sawyer
0%
Scranton
0%
Selfridge
0%
Solen
0%
South Heart
0%
Standing Rock Community
0%
Stanley
0%
Starkweather
0%
Sterling
0%
St. John
0%
Strasburg
0%
St. Thomas
0%
Sweet Briar
0%
Tate Topa Tribal
0%
TGU
0%
Theodore Jamerson Elementary
0%
Thompson
0%
Turtle Mountain Community Elementary
0%
Turtle Mountain Community Middle
0%
Turtle Mountain High
0%
Twin Buttes
0%
Twin Buttes Day
0%
Underwood
0%
United
0%
Valley City
0%
Valley-Edinburg
0%
Wahpeton
0%
Warwick
0%
White Shield
0%
Williams County
0%
Wilton
0%
Wing
0%
Wishek
0%
Wyndmere
0%
Yellowstone
0%
Zeeland Public
0%

Score Distribution

Percentile by Number Answered

Percent of People with Each Score

Your Score History

You have not taken this quiz